000 00580nam a22001937a 4500
999 _c525908
_d525908
003 NUST
005 20190707135535.0
008 190705b ||||| |||| 00| 0 eng d
038 _aMr.Atta
082 _a530
100 _aAshraf, Samina
_916493
245 _aOn the Construction of Symplectic Integrators via Vandermonde Transformation /
_cSamina Ashraf.
260 _aIslamabad :
_bCAMP - NUST
_c2013.
300 _av, 95 p. ; ill. ;
_c30cm.
500 _aHardcover.
650 _aPhysics - M.Phil Thesis.
_916472
700 _aDr. Yousaf Habib.
_916140
942 _2ddc
_cTHE